000 00432nam a22001817a 4500
999 _c71002
_d71002
003 NUST - PNEC
005 20191213160844.0
008 151202b xxu||||| |||| 00| 0 eng d
020 _a-
038 _awaseem
040 _cLIBRARY
082 _a231 SHA
100 _aShaikh,Shahzado
_912674
245 _aKnow your God /
_cShahzado Shaikh
260 _cc.2008
650 _aSpiritual life
_xGeneral
_926955
942 _2ddc
_cBK